000 01131cam a2200193 4500
001 WB3808-30
008 020227n2002 000 0 eng u
035 _a(Sirsi) u116872
245 _aFMD review starts in Brussels
260 _c2002
490 _aEuropean Parliament Press Release
_v 22 February 2002, (2)
520 _aThe European Parliament's temporary committee on the outbreak of foot-and-mouth disease held its first meeting on 21 February in Brussels. Its tasks will be to assess EU policy and controls on meat imports from third countries; analyse the management of the epidemic; assess the cost to the EU budget; make proposals on combating animal diseases in the agricultural sector and look into vaccination policy. The committee will invite government and European Commission representatives and officials to attend its hearings before making its final report and recommendations. The committee's mandate runs for twelve months.
590 _aWB
650 _aFOOT-AND-MOUTH DISEASE
650 _aEUROPEAN PARLIAMENT
650 _aANIMAL HEALTH
690 _aRURAL-AGRICULTURE AND FORESTRY
942 _n0
999 _c69609
_d69609